Najwyższe budowane budynki w Polsce. - Statystyki

Ogólne statystyki
  • Ten quiz został rozwiązany 22 razy
  • Średni wynik to 4 z 18
Statystyki odpowiedzi
Miasto Metry Wieżowiec % Poprawnych
Warszawa 310 Varso Tower
100%
Rzeszów 161 Olszynki Park
33%
Warszawa 202 Warsaw Unit
33%
Katowice 133 KTW II
29%
Warszawa 195 Skyliner
29%
Katowice 109 Global Office Park
24%
Poznań 116 Nowy Rynek
19%
Warszawa 86 Central Point
14%
Warszawa 140 Generation Park
14%
Wrocław 140 Quorum
14%
Warszawa 155 Skysawa
14%
Warszawa 92 Bliska Wola
10%
Warszawa 140 Liberty Tower
10%
Poznań 116 Silver Tower
10%
Warszawa 130 Spark
10%
Warszawa 91 Unique Tower
10%
Warszawa 120 Libero
5%
Warszawa 120 The Forest
5%
Nie znaleziono quizów pasujących do podanych kryteriów
Rozkład punktacji
Procent ludzi z każdym wynikiem
Percentyl według liczby udzielonych odpowiedzi
Twoja historia wyników
Nie rozwiązałeś tego quizu